Honest Logos Quiz Stats

 Plays Quiz Updated May 31, 2018

Score 0/20 Timer 05:00
9 Plays Today
% Correct
Apple
99.3%
Starbucks
98.7%
McDonalds
97.9%
Youtube
97.5%
Disney
97.2%
Coca Cola
96.4%
Microsoft
95.6%
Nokia
90.6%
Playstation
88.9%
Dunkin' Donuts
88.8%
% Correct
Harley Davidson
88.7%
Camel
83.8%
Nintendo
83%
Facebook
79%
Budweiser
78.2%
Marlboro
71.5%
MySpace
69.5%
IMDb
64.1%
Captain Morgan
49.6%
Carlsberg
32.4%

You're not logged in!

Compare scores with friends on all Sporcle quizzes.
OR
Log In

Show Comments

Extras

Top Quizzes Today


Score Distribution

Your Account Isn't Verified!

In order to create a playlist on Sporcle, you need to verify the email address you used during registration. Go to your Sporcle Settings to finish the process.

Report this User

Report this user for behavior that violates our Community Guidelines.

Details: